000
00306nam a22001337a 4500
008
170303b xxu||||| |||| 00| 0 eng d
020
_a
9789951460194
041
_a
ALB
080
_2
3 ED
_a
575
100
_a
6
101
_a
SHM
245
_a
BAZAT INXHINIERINGUT GJENETIK
_c
NICHOLL.D.S.T
942
_2
udc
_c
BK
999
_c
6712
_d
6712